000 00707nam a2200241Ia 4500
003 OSt
005 20220928123930.0
006 a|||||r|||| 00| 0
007 ta
008 220927b |||||||| |||| 00| 0 eng d
024 _a135476
037 _cTextual
040 _aSDCL
_cSDCL
_beng
041 _2eng
_aeng
082 _aR:(P), L8
100 _aCooper Williams S
_9462414
245 0 _aFoundations of logico-linguistics
_b A unified theory of information,language and logic.
260 _aHolland
_bD Reidel Publishing
_c1978
300 _axv,249p.
_ccm.
490 _aSynthese language library.
942 _hR:(P), L8
_cTEXL
_2CC
999 _c775398
_d775398